Energy jobs and skills (Record no. 6985)
[ view plain ]
| 000 -LEADER | |
|---|---|
| fixed length control field | 00478nam a22001337a 4500 |
| 008 - FIXED-LENGTH DATA ELEMENTS--GENERAL INFORMATION | |
| fixed length control field | 200408b ||||| |||| 00| 0 eng d |
| 020 ## - INTERNATIONAL STANDARD BOOK NUMBER | |
| International Standard Book Number | 978-9987-615-41-4 |
| 100 ## - MAIN ENTRY--PERSONAL NAME | |
| Personal name | SAMJI,Waheeda |
| 245 ## - TITLE STATEMENT | |
| Title | Energy jobs and skills |
| Remainder of title | A Rapid assessment of potential in mtwara Tanzania |
| Statement of responsibility, etc. | Waheeda Samji a K. Nsa-Kaisi and Alana Albee |
| Medium | English |
| 260 ## - PUBLICATION, DISTRIBUTION, ETC. (IMPRINT) | |
| Place of publication, distribution, etc. | Dar Es Salaam |
| Name of publisher, distributor, etc. | Research on Poverty Alleviation |
| Date of publication, distribution, etc. | 2009 |
| 300 ## - PHYSICAL DESCRIPTION | |
| Extent | v,48p. |
| Other physical details | Illustration |
| Dimensions | 27cm |
| 650 ## - SUBJECT ADDED ENTRY--TOPICAL TERM | |
| Source of heading or term | Repoa |
| 942 ## - ADDED ENTRY ELEMENTS (KOHA) | |
| Source of classification or shelving scheme | Dewey Decimal Classification |
| Koha item type | BOOKS |
| Withdrawn status | Lost status | Source of classification or shelving scheme | Damaged status | Not for loan | Home library | Current library | Date acquired | Total Checkouts | Barcode | Date last seen | Price effective from | Koha item type |
|---|---|---|---|---|---|---|---|---|---|---|---|---|
| Dewey Decimal Classification | Mwanza | Mwanza | 08/04/2020 | 10000002767 | 08/04/2020 | 08/04/2020 | BOOKS |
